000 00627nam a22002297a 4500
005 20260211122425.0
008 260211b |||||||| |||| 00| 0 eng d
020 _a978-955-0398-60-7
037 _cTB
040 _aCRL
_cCRL
041 _2eng
_aeng
084 _aQ4 Q9
_qCRL
100 _aUkwatta, Sumedha Viraj Sripathi
_91115148
245 _aReflection on buddhist studies
260 _bMaghadhi,
_c2019
300 _a210p.
365 _b450
_cINR
650 _aBuddhism
_91115149
650 _aReligion
_91115150
942 _2CC
_cTB
_hQ4 Q9
_n0
999 _c1679269
_d1679269